[Event "IND Challenger (Women)"]
[Site "Nagpur"]
[Date "2009.09.12"]
[Round "8"]
[White "Sahajasri, Cholleti"]
[Black "Baisakhi, Das"]
[Result "1-0"]
[WhiteElo "1942"]
[BlackElo "2063"]
[PlyCount "141"]
[EventDate "2009.09.07"]
[EventType "swiss"]
[EventRounds "11"]
[EventCountry "IND"]
[SourceTitle "CBM 132 Extra"]
[Source "ChessBase"]
[SourceDate "2009.11.03"]
[SourceVersion "1"]
[SourceVersionDate "2009.11.03"]
[SourceQuality "1"]

1. d4 Nf6 2. Nf3 c5 3. d5 d6 4. c4 e5 5. Nc3 Be7 6. e4 0-0 7. g3 Nbd7 8. Nh4 Ne8 9. Nf5 Bg5 10. Bxg5 Qxg5 11. Qd2 Qxd2+ 12. Kxd2 g6 13. Ne7+ Kh8 14. Bh3 Nb6 15. Nxc8 Nxc8 16. f4 Ne7 17. a3 f5 18. fxe5 dxe5 19. exf5 gxf5 20. Rae1 Ng6 21. b3 Nd6 22. Rhf1 Rad8 23. a4 e4 24. Ne2 Ne5 25. Bg2 Rf6 26. Nf4 Rh6 27. h3 Rg8 28. g4 fxg4 29. hxg4 Rh2 30. Kd1 Rxg4 31. Bxe4 Rhh4 32. Ne6 Nd7 33. Bc2 Kg8 34. Rf2 Kh8 35. Nd8 Rg7 36. Ref1 Rg8 37. Nf7+ Nxf7 38. Rxf7 Rg7 39. R7f5 Rd4+ 40. Kc1 Rdg4 41. Rh5 R4g5 42. Rhh1 h5 43. Bd1 Rh7 44. Re1 Ne5 45. Re3 Ng4 46. Re8+ Kg7 47. Re7+ Kh6 48. Rxh7+ Kxh7 49. Bxg4 Rxg4 50. Rxh5+ Kg6 51. Rh8 Rf4 52. Rc8 b6 53. Rc7 Kf6 54. Rxa7 Ke5 55. Re7+ Kd6 56. Re6+ Kc7 57. Kc2 Rf2+ 58. Kd3 Rf3+ 59. Re3 Rf4 60. Rh3 Rg4 61. Rh7+ Kc8 62. Ke3 Rd4 63. Rf7 Rh4 64. Rf4 Rh3+ 65. Ke4 Rxb3 66. Ke5 Ra3 67. Kd6 Rxa4 68. Kc6 Kd8 69. d6 Ke8 70. d7+ Ke7 71. Re4+ 1-0

[Event "IND Challenger (Women)"]
[Site "Nagpur"]
[Date "2009.09.11"]
[Round "6"]
[White "Nimmy, A George"]
[Black "Baisakhi, Das"]
[Result "0-1"]
[WhiteElo "2251"]
[BlackElo "2063"]
[PlyCount "72"]
[EventDate "2009.09.07"]
[EventType "swiss"]
[EventRounds "11"]
[EventCountry "IND"]
[SourceTitle "CBM 132 Extra"]
[Source "ChessBase"]
[SourceDate "2009.11.03"]
[SourceVersion "1"]
[SourceVersionDate "2009.11.03"]
[SourceQuality "1"]

1. e4 c5 2. Nf3 e6 3. d4 cxd4 4. Nxd4 a6 5. Nc3 Nc6 6. a3 Qc7 7. Be3 Nf6 8. Be2 b5 9. f4 Bb7 10. Bf3 d6 11. 0-0 Na5 12. Kh1 Nc4 13. Bc1 Be7 14. Qe1 Rd8 15. b3 Nb6 16. Bb2 h5 17. Qe2 h4 18. h3 Qc5 19. Rad1 Nh5 20. Bxh5 Qxh5 21. Qe3 Nd7 22. Nf3 Qc5 23. Rfe1 Nf6 24. f5 Qxe3 25. Rxe3 e5 26. Kh2 Rc8 27. Re2 Nh5 28. Red2 Ng3 29. f6 gxf6 30. Re1 f5 31. exf5 Nxf5 32. Ne4 Rg8 33. Nf2 Bxf3 34. gxf3 Bg5 35. Rde2 Bf4+ 36. Kh1 Ng3+ 0-1

[Event "IND Challenger (Women)"]
[Site "Nagpur"]
[Date "2009.09.10"]
[Round "5"]
[White "Baisakhi, Das"]
[Black "Bharathi, R."]
[Result "0-1"]
[WhiteElo "2063"]
[BlackElo "2160"]
[PlyCount "128"]
[EventDate "2009.09.07"]
[EventType "swiss"]
[EventRounds "11"]
[EventCountry "IND"]
[SourceTitle "CBM 132 Extra"]
[Source "ChessBase"]
[SourceDate "2009.11.03"]
[SourceVersion "1"]
[SourceVersionDate "2009.11.03"]
[SourceQuality "1"]

1. e4 c6 2. d4 d5 3. exd5 cxd5 4. c4 Nf6 5. Nc3 Nc6 6. cxd5 Nxd5 7. Nf3 Bg4 8. Be2 e6 9. 0-0 Be7 10. Be3 0-0 11. Rc1 Rc8 12. h3 Bh5 13. a3 Na5 14. Ne4 Bxf3 15. Bxf3 Nc4 16. Qe2 b5 17. Rfd1 Qb6 18. Nc3 Ncxe3 19. Nxd5 Nxd5 20. Rxc8 Rxc8 21. Bxd5 Bf6 22. Ba2 Bxd4 23. Bxe6 Bxf2+ 24. Qxf2 Qxf2+ 25. Kxf2 Rc2+ 26. Kf3 fxe6 27. Rd8+ Kf7 28. Rd7+ Kf6 29. Rxa7 Rxb2 30. Ra5 e5 31. a4 Rb3+ 32. Kf2 b4 33. Rb5 Kf5 34. a5 Kf4 35. a6 Rb2+ 36. Kf1 b3 37. a7 Ra2 38. Rxb3 Rxa7 39. Ke2 Ra2+ 40. Kf1 g5 41. Rf3+ Ke4 42. Rg3 h6 43. h4 Kf4 44. Rf3+ Kg4 45. hxg5 hxg5 46. Re3 Ra5 47. Ke2 e4 48. Rxe4+ Kg3 49. Kf1 Ra1+ 50. Ke2 g4 51. Rb4 Rg1 52. Ra4 Rxg2+ 53. Kf1 Kh2 54. Ra8 Rg1+ 55. Kf2 g3+ 56. Ke2 Rb1 57. Rh8+ Kg1 58. Rh3 g2 59. Rh8 Rb5 60. Rg8 Rh5 61. Kf3 Rh3+ 62. Ke2 Rh7 63. Kf3 Kh1 64. Kf2 Rf7+ 0-1

[Event "IND Challenger (Women)"]
[Site "Nagpur"]
[Date "2009.09.09"]
[Round "3"]
[White "Baisakhi, Das"]
[Black "Thipsay, Bagyashree Sathe"]
[Result "1-0"]
[WhiteElo "2063"]
[BlackElo "2186"]
[PlyCount "63"]
[EventDate "2009.09.07"]
[EventType "swiss"]
[EventRounds "11"]
[EventCountry "IND"]
[SourceTitle "CBM 132 Extra"]
[Source "ChessBase"]
[SourceDate "2009.11.03"]
[SourceVersion "1"]
[SourceVersionDate "2009.11.03"]
[SourceQuality "1"]

1. e4 c6 2. d4 d5 3. exd5 cxd5 4. c4 Nf6 5. Nc3 Nc6 6. cxd5 Nxd5 7. Nf3 Bg4 8. Be2 e6 9. 0-0 Be7 10. Be3 0-0 11. Rc1 Rc8 12. h3 Bh5 13. a3 Na5 14. Nxd5 Qxd5 15. g4 Bg6 16. Ne5 Be4 17. f3 Bg6 18. b4 Nc6 19. Bc4 Qd6 20. f4 Be4 21. Qe1 Bd5 22. Bd3 g6 23. b5 Nb8 24. f5 Bf6 25. Rxc8 Rxc8 26. fxg6 Qe7 27. gxh7+ Kg7 28. Nxf7 Qxf7 29. g5 Qh5 30. gxf6+ Kh8 31. Qg3 Qf7 32. Bh6 1-0

[Event "IND Challenger (Women)"]
[Site "Nagpur"]
[Date "2009.09.09"]
[Round "4"]
[White "Saranya, J."]
[Black "Baisakhi, Das"]
[Result "0-1"]
[WhiteElo "2132"]
[BlackElo "2063"]
[PlyCount "116"]
[EventDate "2009.09.07"]
[EventType "swiss"]
[EventRounds "11"]
[EventCountry "IND"]
[SourceTitle "CBM 132 Extra"]
[Source "ChessBase"]
[SourceDate "2009.11.03"]
[SourceVersion "1"]
[SourceVersionDate "2009.11.03"]
[SourceQuality "1"]

1. e4 c5 2. Nf3 e6 3. d4 cxd4 4. Nxd4 a6 5. c4 Nf6 6. Nc3 Qc7 7. Bd3 Nc6 8. Be3 Ne5 9. Rc1 Nfg4 10. Bg5 Bc5 11. Be2 f6 12. Bf4 Nd3+ 13. Qxd3 Qxf4 14. Bxg4 Qxc1+ 15. Nd1 Bb4+ 16. Ke2 Qf4 17. Bf3 0-0 18. Nc2 Be7 19. Nde3 Qe5 20. b4 b5 21. c5 Qb8 22. h4 Ra7 23. Rh3 d6 24. Nd4 dxc5 25. Nc6 Qb6 26. Nxa7 Qxa7 27. bxc5 Qxc5 28. Rh1 Rd8 29. Qb3 a5 30. Bg4 a4 31. Qb2 b4 32. Rc1 Qb5+ 33. Ke1 b3 34. Be2 Qb4+ 35. Kf1 Qa3 36. Qxa3 Bxa3 37. Rb1 bxa2 38. Ra1 Rd2 39. Bc4 Bc5 40. Rxa2 Bxe3 41. fxe3 Rxa2 42. Bxa2 Kf7 43. Ke2 Ke7 44. Kd3 Kd6 45. Kd4 Bd7 46. Bc4 e5+ 47. Kc3 Kc5 48. Bg8 h6 49. Bc4 g5 50. h5 Bc6 51. Bd3 Be8 52. g4 Bd7 53. Be2 Be6 54. Bd1 a3 55. Be2 a2 56. Kb2 Kb4 57. Bd1 a1Q+ 58. Kxa1 Kc3 0-1

[Event "IND-chB (Women) 35th"]
[Site "Calicut"]
[Date "2008.06.11"]
[Round "8"]
[White "Baisakhi, Das"]
[Black "Savetha, CH."]
[Result "1-0"]
[WhiteElo "2060"]
[BlackElo "1947"]
[PlyCount "133"]
[EventDate "2008.06.06"]
[EventType "swiss"]
[EventRounds "11"]
[EventCountry "IND"]
[SourceTitle "CBM 124 Extra"]
[Source "ChessBase"]
[SourceDate "2008.07.03"]
[SourceVersion "1"]
[SourceVersionDate "2008.07.03"]
[SourceQuality "1"]

1. e4 c5 2. Nf3 Nc6 3. Nc3 Nf6 4. d4 cxd4 5. Nxd4 e5 6. Ndb5 d6 7. Nd5 Nxd5 8. exd5 Nb8 9. c4 Be7 10. Be2 0-0 11. 0-0 a6 12. Nc3 f5 13. f4 Bf6 14. Kh1 Nd7 15. g3 Qe7 16. Bf3 Nb6 17. c5 dxc5 18. d6 Qd8 19. Be3 e4 20. Be2 Be6 21. Bxc5 Rc8 22. Bb4 Qd7 23. Qd2 Nc4 24. Bxc4 Bxc4 25. Rfc1 Bxc3 26. Rxc3 Bd3 27. Rac1 Rxc3 28. Qxc3 Bb5 29. Qb3+ Qf7 30. d7 Qxb3 31. axb3 Bxd7 32. Bxf8 Kxf8 33. Kg1 Bc6 34. Rc5 g6 35. Kf2 Ke7 36. Ke3 Kf6 37. Kd4 h5 38. h3 Ke6 39. Ke3 Kf6 40. b4 Ke6 41. Re5+ Kf6 42. Kd4 Bb5 43. Kc5 Bf1 44. h4 Bb5 45. Kb6 Bc6 46. Kc7 Kf7 47. Kd6 Kf6 48. Re7 Bb5 49. Rxb7 Bd3 50. Re7 Bc4 51. Re5 Bb5 52. Re6+ Kf7 53. Ke5 Bd3 54. Rf6+ Kg7 55. Rc6 Kh7 56. Rc7+ Kh6 57. Kf6 Bb1 58. Ke5 Bd3 59. Kd4 Bb5 60. Re7 Bd3 61. Kc5 Bb5 62. Kd6 Bd3 63. Kd7 Bb5+ 64. Kd8 Ba4 65. Rc7 Bb5 66. Ke7 Bd3 67. Kf8 1-0

[Event "IND-ch (Women) 33rd"]
[Site "Chennai"]
[Date "2006.12.15"]
[Round "10"]
[White "Baisakhi, Das"]
[Black "Ramya, Krishna Inapuri"]
[Result "1-0"]
[WhiteElo "2092"]
[BlackElo "2175"]
[PlyCount "75"]
[EventDate "2006.12.07"]
[EventType "swiss"]
[EventRounds "11"]
[EventCountry "IND"]
[SourceTitle "EXT 2010"]
[Source "ChessBase"]
[SourceDate "2010.11.25"]
[SourceVersion "1"]
[SourceVersionDate "2010.11.25"]
[SourceQuality "1"]

1. e4 e5 2. Nf3 Nc6 3. Bb5 a6 4. Ba4 Nf6 5. d3 b5 6. Bb3 Be7 7. 0-0 d6 8. c3 0-0 9. Re1 Bb7 10. Nbd2 Na5 11. Bc2 c5 12. Nf1 Qc7 13. Ng3 Rfe8 14. Nf5 Bf8 15. Bg5 Nd7 16. b4 Nc6 17. Bb3 Nb6 18. Be3 Nd8 19. Ng5 g6 20. Ng3 Bc8 21. d4 exd4 22. cxd4 c4 23. Bc2 d5 24. a3 a5 25. e5 h6 26. bxa5 Rxa5 27. Nf3 Rxa3 28. Rxa3 Bxa3 29. Bxh6 Ne6 30. Qb1 Qd7 31. Bxg6 fxg6 32. Qxg6+ Kh8 33. Ng5 Re7 34. Nf5 Nxg5 35. Bxg5 Rg7 36. Nxg7 Bf8 37. Nh5 Qf5 38. Bf6+ 1-0

[Event "IND-ch (Women) 33rd"]
[Site "Chennai"]
[Date "2006.12.13"]
[Round "8"]
[White "Baisakhi, Das"]
[Black "Mahima, Rajmohan"]
[Result "1-0"]
[WhiteElo "2092"]
[BlackElo "2038"]
[PlyCount "81"]
[EventDate "2006.12.07"]
[EventType "swiss"]
[EventRounds "11"]
[EventCountry "IND"]
[SourceTitle "EXT 2010"]
[Source "ChessBase"]
[SourceDate "2010.11.25"]
[SourceVersion "1"]
[SourceVersionDate "2010.11.25"]
[SourceQuality "1"]

1. d4 Nf6 2. Nc3 d5 3. Bf4 e6 4. Nf3 Bb4 5. Bd2 c5 6. e3 Bxc3 7. Bxc3 Ne4 8. Be2 b6 9. 0-0 Nxc3 10. bxc3 Ba6 11. Bd3 Bxd3 12. cxd3 Nd7 13. c4 0-0 14. cxd5 exd5 15. Qb3 Nf6 16. Rfc1 Qd6 17. Qa3 Nd7 18. Rc2 Rfc8 19. Rac1 Qg6 20. Qb3 Qf5 21. Qb5 Rc7 22. h3 Rac8 23. dxc5 bxc5 24. Nd4 Qf6 25. Qb3 Qb6 26. Nb5 c4 27. dxc4 Nc5 28. Qa3 Rd7 29. cxd5 Rxd5 30. Nxa7 Rc7 31. Nb5 Rc8 32. Nd4 h6 33. Nb3 Rcd8 34. Rxc5 Rd1+ 35. Rxd1 Rxd1+ 36. Kh2 Qb8+ 37. f4 g5 38. Qa6 Kg7 39. Qe2 Qd6 40. Qg4 Qa6 41. Qxd1 1-0

[Event "IND-ch (Women)"]
[Site "Mumbai"]
[Date "2000.06.17"]
[Round "10"]
[White "Baisakhi, Das"]
[Black "Swati, Ghate"]
[Result "0-1"]
[WhiteElo "2135"]
[BlackElo "2297"]
[PlyCount "82"]
[EventDate "2000.06.06"]
[EventType "tourn"]
[EventRounds "12"]
[EventCountry "IND"]
[SourceTitle "EXT 2001"]
[Source "ChessBase"]
[SourceDate "2000.11.22"]
[SourceVersion "1"]
[SourceVersionDate "2000.11.22"]
[SourceQuality "1"]

1. e4 e5 2. Nf3 Nc6 3. Bb5 a6 4. Ba4 Nf6 5. d4 Be7 6. 0-0 b5 7. dxe5 Nxe4 8. Bb3 Nc5 9. Bd5 Bb7 10. Nc3 0-0 11. Bf4 Kh8 12. Ne4 Nxe4 13. Bxe4 f6 14. Bg3 f5 15. Bxc6 Bxc6 16. Bf4 Qe8 17. Nd4 Bb7 18. f3 Rd8 19. Kh1 Qf7 20. Qe1 Bd5 21. e6 dxe6 22. Bxc7 Bb4 23. Qxb4 Qxc7 24. Rf2 Rf6 25. Nb3 Rh6 26. f4 Qf7 27. Qe1 Qh5 28. Qg1 Rg6 29. Nd2 Qh4 30. Rd1 Rg8 31. Qe1 Rxg2 32. Rxg2 Qg4 33. Nf3 Bxf3 34. Rdd2 Qxf4 35. Rdf2 Bxg2+ 36. Kxg2 Qg4+ 37. Kf1 Rd8 38. Re2 Qf3+ 39. Kg1 Rd4 40. Qf2 Rg4+ 41. Kf1 Qh1+ 0-1

[Event "IND-ch (Women)"]
[Site "Mumbai"]
[Date "2000.06.14"]
[Round "8"]
[White "Baisakhi, Das"]
[Black "Gokhale, Anupama"]
[Result "1-0"]
[WhiteElo "2135"]
[BlackElo "2197"]
[PlyCount "95"]
[EventDate "2000.06.06"]
[EventType "tourn"]
[EventRounds "12"]
[EventCountry "IND"]
[SourceTitle "EXT 2001"]
[Source "ChessBase"]
[SourceDate "2000.11.22"]
[SourceVersion "1"]
[SourceVersionDate "2000.11.22"]
[SourceQuality "1"]

1. e4 g6 2. d4 d6 3. c4 Bg7 4. Nc3 Nf6 5. f3 0-0 6. Be3 Nbd7 7. Qd2 e5 8. d5 Nh5 9. g4 Nf4 10. 0-0-0 a5 11. Nge2 a4 12. Nxf4 exf4 13. Bxf4 a3 14. b3 Qf6 15. Kc2 Nb8 16. c5 b5 17. Bg5 Qxf3 18. Be2 Qxc3+ 19. Qxc3 Bxc3 20. Kxc3 b4+ 21. Kxb4 Ba6 22. Bf3 dxc5+ 23. Kxc5 Nd7+ 24. Kd4 Ne5 25. Bg2 f6 26. Bf4 c5+ 27. Kxc5 Nd3+ 28. Rxd3 Bxd3 29. Kd4 Bb5 30. Bd6 Rfc8 31. Bf3 Bd7 32. Bc5 Rab8 33. Re1 Rb5 34. b4 Rbb8 35. h4 Ra8 36. g5 fxg5 37. hxg5 Re8 38. e5 Rad8 39. Kc3 Bf5 40. d6 Kf7 41. Bd5+ Be6 42. Kd4 Bxd5 43. Kxd5 Kg7 44. b5 Rb8 45. b6 Ra8 46. d7 Red8 47. e6 Ra5 48. Kd6 1-0

[Event "IND-ch (Women)"]
[Site "Mumbai"]
[Date "2000.06.08"]
[Round "3"]
[White "Baisakhi, Das"]
[Black "Safira, Shahnaz"]
[Result "0-1"]
[WhiteElo "2135"]
[BlackElo "2136"]
[PlyCount "52"]
[EventDate "2000.06.06"]
[EventType "tourn"]
[EventRounds "12"]
[EventCountry "IND"]
[SourceTitle "EXT 2001"]
[Source "ChessBase"]
[SourceDate "2000.11.22"]
[SourceVersion "1"]
[SourceVersionDate "2000.11.22"]
[SourceQuality "1"]

1. e4 c5 2. Nf3 Nc6 3. d3 d6 4. g3 g6 5. Bg2 Bg7 6. 0-0 Rb8 7. Nbd2 Nf6 8. Re1 0-0 9. Nf1 Bd7 10. d4 cxd4 11. Nxd4 Qb6 12. Nxc6 Bxc6 13. c3 Rfe8 14. Qc2 Rbc8 15. Ne3 Qa5 16. Bd2 Qh5 17. f3 d5 18. g4 Qh4 19. e5 Nd7 20. f4 d4 21. Qd1 dxe3 22. Rxe3 Bxg2 23. Kxg2 e6 24. Qf3 Qd8 25. Be1 Qc7 26. Rd1 Nb6 0-1

[Event "Hampstead Rated 3rd"]
[Site "Hampstead"]
[Date "1998.08.20"]
[Round "6"]
[White "Baisakhi, Das"]
[Black "Paci, Cedric"]
[Result "1/2-1/2"]
[WhiteElo "1552"]
[BlackElo "2140"]
[PlyCount "67"]
[EventDate "1998.08.15"]
[EventType "swiss"]
[EventRounds "9"]
[EventCountry "ENG"]
[SourceTitle "EXT 1999"]
[Source "ChessBase"]
[SourceDate "1998.11.16"]
[SourceVersion "1"]
[SourceVersionDate "1998.11.16"]
[SourceQuality "1"]

1. e4 e6 2. d3 d5 3. Nd2 Nf6 4. Ngf3 c5 5. g3 b6 6. Bg2 Bb7 7. Qe2 Be7 8. 0-0 Nc6 9. Re1 dxe4 10. dxe4 0-0 11. Nf1 Qc7 12. c3 Rad8 13. Bf4 Qc8 14. Rad1 Ba6 15. Qc2 c4 16. Ne5 Nxe5 17. Bxe5 Nd7 18. Bd4 e5 19. Be3 Nc5 20. Bxc5 Bxc5 21. Ne3 Bxe3 22. Rxe3 Rd3 23. Rexd3 cxd3 24. Qd2 Rd8 25. f3 Qc5+ 26. Kh1 h6 27. Bf1 f5 28. exf5 Qd5 29. Qe3 Qxa2 30. Qxe5 Qxb2 31. f6 Qf2 32. Qe6+ Kh7 33. Qe4+ Kg8 34. Qe6+ 1/2-1/2